[Event "Bundesliga 2021-22"]
[Site "Dusseldorf GER"]
[Date "2022.05.01"]
[Round "6.8"]
[Board "7"]
[White "Heinz, Timothee"]
[Black "Saltaev, Mihail"]
[Result "1/2-1/2"]
[WhiteTitle "FM"]
[BlackTitle "GM"]
[WhiteElo "2374"]
[BlackElo "2482"]
[WhiteTeam "Duesseldorfer SK"]
[BlackTeam "SV Muelheim Nord"]
[WhiteFideId "623369"]
[BlackFideId "14200058"]
[EventDate "2022.03.05"]

1. d4 d5 2. Nf3 Nf6 3. c4 e6 4. g3 Be7 5. Bg2 O-O 6. O-O dxc4 7. Ne5 c5 8. dxc5
Qc7 9. Nxc4 Qxc5 10. b3 Rd8 11. Nbd2 Qh5 12. e4 Qxd1 13. Rxd1 b5 14. Ne3 Bb7 15.
Bb2 Na6 16. e5 Nd5 17. Nxd5 Bxd5 18. Bf1 Nc7 19. Rdc1 Rd7 20. Rc2 a6 21. Rac1
Ra7 22. Bd4 Rb7 23. Bc5 Bd8 24. a4 f6 25. axb5 axb5 26. exf6 gxf6 27. Ra1 Kf7
28. b4 Be7 29. Ra5 Rd8 30. Bxe7 Kxe7 31. Rc5 Rdb8 32. Nb1 Kd6 33. Nc3 Bc6 34. h4
f5 35. Bg2 Bxg2 36. Kxg2 Rb6 37. Ra7 Rc6 38. Rxc6+ Kxc6 39. Kf3 Rg8 40. Ra3 Rg4
41. Na2 Rc4 42. Ke3 h5 43. Kd3 e5 44. Rc3 e4+ 45. Kd2 Kd5 46. Ra3 Kc6 47. Rc3
Nd5 48. Rxc4+ bxc4 49. Kc2 Kd6 50. Kd2 Kc6 51. Kc2 e3 52. fxe3 Nxe3+ 53. Kd2 Nd5
54. Kc2 Kd6 55. Kb2 Ke5 56. Ka3 Ke4 57. Ka4 Kf3 58. Kb5 c3 59. Kc5 Nxb4 60. Nxb4
Kxg3 61. Kd4 Kxh4 62. Kxc3 Kg3 63. Kd2 h4 64. Ke1 h3 65. Nd3 h2 66. Nf2 Kg2 67.
Nh1 f4 68. Nf2 Kg1 69. Nh1 Kxh1 70. Kf1 1/2-1/2

[Event "Bundesliga 2021-22"]
[Site "Dusseldorf GER"]
[Date "2022.05.01"]
[Round "6.8"]
[Board "8"]
[White "Hausrath, Daniel"]
[Black "Agrest, Inna"]
[Result "1-0"]
[WhiteTitle "GM"]
[BlackTitle "WIM"]
[WhiteElo "2480"]
[BlackElo "2245"]
[WhiteTeam "SV Muelheim Nord"]
[BlackTeam "Duesseldorfer SK"]
[WhiteFideId "4617495"]
[BlackFideId "1708830"]
[EventDate "2022.03.05"]

1. Nf3 Nf6 2. g3 g6 3. b3 Bg7 4. Bb2 O-O 5. Bg2 d6 6. d4 Nbd7 7. O-O a5 8. c4 a4
9. Nc3 a3 10. Bc1 c6 11. h3 Re8 12. Be3 e5 13. dxe5 dxe5 14. Qd2 Bf8 15. Ne1 Nc5
16. Rd1 Qxd2 17. Bxd2 h5 18. Nc2 Bf5 19. Rc1 Red8 20. Bg5 Kg7 21. Ne3 Rd7 22. f4
Nh7 23. Bh4 Be6 24. f5 g5 25. fxe6 fxe6 26. b4 Na6 27. b5 Nb4 28. Rb1 gxh4 29.
Rxf8 Rxf8 30. Rxb4 c5 31. Rb3 hxg3 32. Ne4 b6 33. Nxg3 Nf6 34. Rxa3 Rd2 35. Bf3
Kh6 36. Rd3 Rd8 37. Rxd8 Rxd8 38. Ne4 Ne8 39. h4 Rd7 40. Ng5 Ng7 41. Be4 Re7 42.
a4 Ne8 43. Bd5 Ra7 44. Bxe6 Nd6 45. Nf5+ Nxf5 46. Bxf5 Rxa4 47. Be6 Kg6 48. Ne4
Ra1+ 49. Kg2 Re1 50. Nc3 Kf6 51. Bd5 Kf5 52. Bf3 Rc1 53. Nd5 e4 54. Bxh5 Ke5 55.
Nxb6 Kd4 56. Bg4 Ra1 57. h5 Ra7 58. Nd7 Kxc4 59. b6 1-0

[Event "Bundesliga 2021-22"]
[Site "Deizisau GER"]
[Date "2022.05.14"]
[Round "7.1"]
[Board "1"]
[White "Braeuer, Franz"]
[Black "Keymer, Vincent"]
[Result "0-1"]
[WhiteTitle "IM"]
[BlackTitle "GM"]
[WhiteElo "2428"]
[BlackElo "2655"]
[WhiteTeam "BCA Augsburg"]
[BlackTeam "Schachfreunde Deizisau"]
[WhiteFideId "24634468"]
[BlackFideId "12940690"]
[EventDate "2022.03.05"]

1. e4 c5 2. Nf3 d6 3. d4 cxd4 4. Nxd4 Nf6 5. Nc3 a6 6. Be3 e5 7. Nb3 Be6 8. f4
Be7 9. f5 Bd7 10. Qf3 Bc6 11. O-O-O h5 12. h3 h4 13. Kb1 Nbd7 14. Rg1 Rc8 15. g3
hxg3 16. Rxg3 Rh7 17. Bd3 b5 18. Nd5 Bxd5 19. exd5 Nb6 20. Rdg1 Nbxd5 21. Bd2
Bf8 22. Ba5 Qd7 23. Re1 Be7 24. Nd2 Bd8 25. Bxd8 Qxd8 26. c4 Qa5 27. Re2 Nb4 28.
a3 Nxd3 29. Qxd3 Qb6 30. Reg2 Ke7 31. Rxg7 Rxg7 32. Rxg7 Qc6 33. Qg3 bxc4 34.
Rxf7+ Kxf7 35. Qg6+ Ke7 36. Qg7+ Ke8 37. Qg6+ Kd8 38. Qxf6+ Kc7 39. Qh4 Kb8 40.
Ne4 d5 0-1

[Event "Bundesliga 2021-22"]
[Site "Deizisau GER"]
[Date "2022.05.14"]
[Round "7.1"]
[Board "2"]
[White "Bluebaum, Matthias"]
[Black "Costa, Leonardo"]
[Result "1-0"]
[WhiteTitle "GM"]
[BlackTitle "FM"]
[WhiteElo "2642"]
[BlackElo "2320"]
[WhiteTeam "Schachfreunde Deizisau"]
[BlackTeam "BCA Augsburg"]
[WhiteFideId "24651516"]
[BlackFideId "16213955"]
[EventDate "2022.03.05"]

1. Nf3 d5 2. e3 Nf6 3. c4 e6 4. Nc3 Bd6 5. b3 O-O 6. Bb2 Re8 7. Nb5 e5 8. Nxd6
Qxd6 9. c5 Qxc5 10. Nxe5 Qd6 11. Nf3 Nbd7 12. Be2 Nf8 13. h3 c6 14. O-O Ng6 15.
Rc1 Bd7 16. Rc2 Bf5 17. d3 Red8 18. Qa1 Ne8 19. a3 Qe7 20. Rfc1 Nh4 21. Nxh4
Qxh4 22. Be5 Qg5 23. Kh2 f6 24. Bf4 Qg6 25. Qd4 Rd7 26. b4 a6 27. a4 Qf7 28. b5
axb5 29. axb5 cxb5 30. Qb6 g5 31. Bg3 Ra3 32. Qxb5 Kg7 33. Qb2 Ra6 34. Rc5 Be6
35. Bf3 h5 36. h4 g4 37. Be2 d4 38. Bf1 dxe3 39. fxe3 Rd5 40. e4 Rxc5 41. Rxc5
Ra2 42. Qc3 Ra4 43. d4 Bd7 44. Qb2 Qa2 45. Qxb7 Rxd4 46. Bc4 Qa4 47. Rd5 Rxd5
48. Qxd5 1-0

[Event "Bundesliga 2021-22"]
[Site "Deizisau GER"]
[Date "2022.05.14"]
[Round "7.1"]
[Board "3"]
[White "Kukov, Velislav"]
[Black "Kamsky, Gata"]
[Result "1/2-1/2"]
[WhiteTitle "IM"]
[BlackTitle "GM"]
[WhiteElo "2337"]
[BlackElo "2658"]
[WhiteTeam "BCA Augsburg"]
[BlackTeam "Schachfreunde Deizisau"]
[WhiteFideId "2906139"]
[BlackFideId "2000024"]
[EventDate "2022.03.05"]

1. d4 Nf6 2. Nf3 g6 3. Bf4 Bg7 4. e3 O-O 5. h3 d6 6. Be2 b6 7. O-O Bb7 8. a4 a6
9. c3 Nbd7 10. Bh2 c5 11. Qb3 Ra7 12. Rd1 Qa8 13. Nbd2 Ne4 14. Nxe4 Bxe4 15. Ne1
Bd5 16. Qa3 cxd4 17. exd4 Rc7 18. Bf3 Nf6 19. Bxd5 Nxd5 20. Nd3 Rfc8 21. Nb4 Rc4
22. Nxd5 Qxd5 23. Re1 Bf6 24. Bf4 h5 25. Bd2 b5 26. b3 R4c7 27. axb5 axb5 28.
Qb4 Qf5 29. Red1 Kh7 30. Ra5 Qc2 31. Raa1 Ra8 32. Rac1 Qf5 33. Be3 Rac8 34. c4
bxc4 35. bxc4 Qe4 36. Qb3 Rb7 37. Qd3 Qxd3 38. Rxd3 g5 1/2-1/2

[Event "Bundesliga 2021-22"]
[Site "Deizisau GER"]
[Date "2022.05.14"]
[Round "7.1"]
[Board "4"]
[White "Kollars, Dmitrij"]
[Black "Zeller, Frank"]
[Result "1-0"]
[WhiteTitle "GM"]
[BlackTitle "IM"]
[WhiteElo "2635"]
[BlackElo "2361"]
[WhiteTeam "Schachfreunde Deizisau"]
[BlackTeam "BCA Augsburg"]
[WhiteFideId "12909572"]
[BlackFideId "4613007"]
[EventDate "2022.03.05"]

1. e4 e5 2. Nf3 Nc6 3. Bb5 a6 4. Ba4 Nf6 5. O-O Be7 6. Re1 b5 7. Bb3 d6 8. c3
O-O 9. h3 Re8 10. d4 Bb7 11. a3 Bf8 12. d5 Na5 13. Ba2 c6 14. dxc6 Bxc6 15. Bg5
Rc8 16. Nbd2 Nb7 17. b4 h6 18. Bh4 g5 19. Bg3 Qd7 20. c4 Bg7 21. Rc1 Nd8 22. h4
g4 23. Nh2 h5 24. Nhf1 Ne6 25. Ne3 Nd4 26. Nc2 Ne6 27. Bb1 Bh6 28. Ne3 Ng7 29.
Rc3 Bb7 30. Qe2 Rc7 31. Rec1 Rec8 32. Bd3 Qe7 33. R3c2 bxc4 34. Rxc4 Rxc4 35.
Rxc4 Rxc4 36. Bxc4 a5 37. bxa5 Qc7 38. a6 Ba8 39. Qd3 Qc5 40. Nd5 Nge8 41. Nb1
Kg7 42. Nbc3 Bc1 43. Na4 Qa5 44. Nab6 Bc6 45. Qc3 Qxc3 46. Nxc3 Nxe4 47. Nxe4
Bxe4 48. Bd5 Bf5 49. a7 Nc7 50. a4 Ba3 51. f3 1-0

[Event "Bundesliga 2021-22"]
[Site "Deizisau GER"]
[Date "2022.05.14"]
[Round "7.1"]
[Board "5"]
[White "Rupprecht, Andreas"]
[Black "Heimann, Andreas"]
[Result "0-1"]
[WhiteTitle "IM"]
[BlackTitle "GM"]
[WhiteElo "2389"]
[BlackElo "2581"]
[WhiteTeam "BCA Augsburg"]
[BlackTeam "Schachfreunde Deizisau"]
[WhiteFideId "4693019"]
[BlackFideId "24624632"]
[EventDate "2022.03.05"]

1. e4 c5 2. c3 Nf6 3. e5 Nd5 4. Nf3 d6 5. d4 cxd4 6. cxd4 Nc6 7. Bc4 dxe5 8.
dxe5 Ndb4 9. O-O Qxd1 10. Rxd1 Bg4 11. Nc3 e6 12. Be2 h6 13. Bf4 g5 14. Bg3 Bg7
15. Rac1 Ne7 16. Ne4 O-O 17. Rc7 Ned5 18. Rxb7 Nc6 19. h3 Bh5 20. Nf6+ Nxf6 21.
exf6 Bxf6 22. Rdd7 Kg7 23. b3 Rfd8 24. Ne5 Bxe5 25. Bxh5 Rxd7 26. Rxd7 Bxg3 27.
fxg3 Ne5 28. Rc7 a5 29. Rc5 Ra7 30. Bf3 Kf6 31. Be4 Nd7 32. Rb5 Ke7 33. h4 g4
34. Bc6 Nf6 35. Kf2 Kd6 36. Bb7 Kc7 37. Bf3 gxf3 38. gxf3 Nd5 39. g4 Ra8 40. a4
Kc6 41. Kg3 f6 42. f4 h5 0-1

[Event "Bundesliga 2021-22"]
[Site "Deizisau GER"]
[Date "2022.05.14"]
[Round "7.1"]
[Board "6"]
[White "Zilka, Stepan"]
[Black "Fauth, Dietmar"]
[Result "1-0"]
[WhiteTitle "GM"]
[WhiteElo "2606"]
[BlackElo "2188"]
[WhiteTeam "Schachfreunde Deizisau"]
[BlackTeam "BCA Augsburg"]
[WhiteFideId "315303"]
[BlackFideId "4629795"]
[EventDate "2022.03.05"]

1. e4 c5 2. Nf3 Nc6 3. d4 cxd4 4. Nxd4 e5 5. Nb5 d6 6. c4 Be6 7. Be2 a6 8. N5c3
g6 9. O-O Bg7 10. Be3 Nf6 11. Nd5 Bxd5 12. cxd5 Nd4 13. Nc3 O-O 14. Re1 b5 15.
a3 Nd7 16. Rc1 Rc8 17. Na2 Nc5 18. Nb4 f5 19. Bxd4 exd4 20. exf5 d3 21. Nxd3
gxf5 22. b4 Ne4 23. Bf3 Qg5 24. Rxc8 Rxc8 25. Bxe4 fxe4 26. Rxe4 Qxd5 27. Qe2 h6
28. g3 Rc4 29. Re3 Rc3 30. h4 Rxa3 31. Kh2 Ra1 32. Re4 Qf5 33. Re8+ Kh7 34. Nf4
Be5 35. Re7+ Kg8 36. Qf3 Bg7 37. Qb3+ Kh8 38. Re8+ Bf8 39. Rxf8+ 1-0

[Event "Bundesliga 2021-22"]
[Site "Deizisau GER"]
[Date "2022.05.14"]
[Round "7.1"]
[Board "7"]
[White "Mueller, Werner1"]
[Black "Dautov, Rustem"]
[Result "0-1"]
[WhiteTitle "FM"]
[BlackTitle "GM"]
[WhiteElo "2062"]
[BlackElo "2596"]
[WhiteTeam "BCA Augsburg"]
[BlackTeam "Schachfreunde Deizisau"]
[WhiteFideId "4603036"]
[BlackFideId "4623606"]
[EventDate "2022.03.05"]

1. e4 c5 2. Nf3 g6 3. d4 Bg7 4. Nc3 cxd4 5. Nxd4 Nc6 6. Nb3 Nf6 7. Be2 O-O 8.
O-O d6 9. Bg5 a6 10. a4 b6 11. f4 Bb7 12. Bf3 Nd7 13. Rf2 Nc5 14. Rd2 Ne6 15.
Nd5 Nxg5 16. fxg5 Bxb2 17. Rb1 Bg7 18. h4 Ne5 19. Nd4 Nc4 20. Rd3 e6 21. Nf6+
Bxf6 22. gxf6 Qxf6 23. e5 Bxf3 24. exf6 Bxd1 25. Rdxd1 Rac8 0-1

[Event "Bundesliga 2021-22"]
[Site "Deizisau GER"]
[Date "2022.05.14"]
[Round "7.1"]
[Board "8"]
[White "Koellner, Ruben Gideon"]
[Black "Pitl, Jarno"]
[Result "1-0"]
[WhiteTitle "IM"]
[WhiteElo "2454"]
[BlackElo "1988"]
[WhiteTeam "Schachfreunde Deizisau"]
[BlackTeam "BCA Augsburg"]
[WhiteFideId "12993093"]
[BlackFideId "4667077"]
[EventDate "2022.03.05"]

1. d4 f5 2. Bg5 Nf6 3. Bxf6 exf6 4. e3 d5 5. Bd3 Be6 6. Ne2 Bd6 7. Nd2 Nd7 8. b3
c6 9. c4 Rc8 10. c5 Bb8 11. Qc2 g6 12. b4 Qe7 13. a4 b6 14. Ba6 Rc7 15. Nb3 Kf7
16. Kd2 Re8 17. Rhc1 Nf8 18. g3 Bc8 19. Bd3 Ne6 20. Ra2 Ng5 21. Nc3 Kg7 22. h4
Nf3+ 23. Ke2 Nh2 24. Rh1 Ng4 25. Nd1 Bd7 26. Kf1 Rcc8 27. Kg2 Be6 28. Qd2 Rh8
29. cxb6 axb6 30. a5 Bd6 31. axb6 Bxb4 32. Qc2 Bd7 33. Nc5 Ra8 34. Na6 c5 35. b7
Rab8 36. dxc5 Bc6 37. Nxb4 Qxb7 38. Nxc6 Qxc6 39. Ra7+ Kh6 40. Be2 Ne5 41. Qd2
Rb7 42. e4+ 1-0

[Event "Bundesliga 2021-22"]
[Site "Deizisau GER"]
[Date "2022.05.14"]
[Round "7.2"]
[Board "1"]
[White "Nisipeanu, Liviu-Dieter"]
[Black "Vallejo Pons, Francisco"]
[Result "1/2-1/2"]
[WhiteTitle "GM"]
[BlackTitle "GM"]
[WhiteElo "2652"]
[BlackElo "2704"]
[WhiteTeam "USV TU Dresden"]
[BlackTeam "OSG Baden-Baden"]
[WhiteFideId "1202758"]
[BlackFideId "2205530"]
[EventDate "2022.03.05"]

1. d4 e6 2. c4 b6 3. e4 Bb4+ 4. Bd2 Bxd2+ 5. Qxd2 d5 6. cxd5 exd5 7. exd5 Ne7 8.
Bb5+ Nd7 9. Bc6 Rb8 10. Nf3 O-O 11. O-O Nf6 12. Nc3 Nfxd5 13. Ba4 Nxc3 14. Qxc3
Be6 15. Rfe1 Rc8 16. Bb3 Bxb3 17. Qxb3 Ng6 18. Rad1 Qd6 19. Ne5 c6 20. g3 Qd5
21. Qxd5 1/2-1/2

[Event "Bundesliga 2021-22"]
[Site "Deizisau GER"]
[Date "2022.05.14"]
[Round "7.2"]
[Board "2"]
[White "Kasimdzhanov, Rustam"]
[Black "Pechac, Jergus"]
[Result "1-0"]
[WhiteTitle "GM"]
[BlackTitle "GM"]
[WhiteElo "2659"]
[BlackElo "2599"]
[WhiteTeam "OSG Baden-Baden"]
[BlackTeam "USV TU Dresden"]
[WhiteFideId "14200244"]
[BlackFideId "14926970"]
[EventDate "2022.03.05"]

1. d4 d5 2. c4 c6 3. Nf3 Nf6 4. e3 Bf5 5. Nc3 e6 6. Nh4 Bg6 7. Be2 Nbd7 8. O-O
Be7 9. g3 dxc4 10. Nxg6 hxg6 11. Bxc4 Qa5 12. Bd2 Qf5 13. f3 Nb6 14. Bb3 e5 15.
g4 Qg5 16. Qe2 e4 17. Nxe4 Nxe4 18. fxe4 f6 19. Be6 Bd6 20. e5 fxe5 21. e4 Qh4
22. Be1 Qe7 23. d5 Rf8 24. Rxf8+ Qxf8 25. Bg3 Bc5+ 26. Kh1 Qd6 27. Rf1 cxd5 28.
exd5 Nxd5 29. Bf7+ Ke7 30. Qe4 Nb6 31. Bh4+ Kd7 32. Qxb7+ Qc7 33. Be6+ Kd6 34.
Rd1+ 1-0

[Event "Bundesliga 2021-22"]
[Site "Deizisau GER"]
[Date "2022.05.14"]
[Round "7.2"]
[Board "3"]
[White "Vogel, Roven"]
[Black "Donchenko, Alexander"]
[Result "1-0"]
[WhiteTitle "IM"]
[BlackTitle "GM"]
[WhiteElo "2447"]
[BlackElo "2636"]
[WhiteTeam "USV TU Dresden"]
[BlackTeam "OSG Baden-Baden"]
[WhiteFideId "12908088"]
[BlackFideId "24603295"]
[EventDate "2022.03.05"]

1. Nf3 d5 2. d4 Nf6 3. c4 e6 4. Nc3 Bb4 5. Qa4+ Nc6 6. e3 O-O 7. Qc2 Re8 8. Bd2
Bf8 9. a3 e5 10. dxe5 Nxe5 11. cxd5 Nxf3+ 12. gxf3 Nxd5 13. O-O-O a5 14. Nxd5
Qxd5 15. Bd3 g6 16. h4 Be6 17. Bc3 Qb3 18. Be4 Qxc2+ 19. Kxc2 c6 20. h5 Bg7 21.
Bxg7 Kxg7 22. h6+ Kf6 23. Kc3 a4 24. Rd4 Ra5 25. f4 Rb8 26. Bc2 Rc5+ 27. Kd2 b5
28. e4 Ke7 29. Bd3 g5 30. Rh5 f6 31. e5 fxe5 32. fxe5 Rf8 33. Rxg5 Rxf2+ 34. Ke3
Rh2 35. Rg7+ Ke8 36. Rxh7 Rxe5+ 37. Kf4 Rd5 38. Rxd5 Bxd5 39. Rh8+ Kf7 40. h7
Kg7 41. Rb8 Rh5 42. h8=Q+ Rxh8 43. Rxh8 Kxh8 44. Ke5 Bf3 45. Kd6 Kg7 46. Bf5 Kf6
47. Bd7 Be2 48. Bxc6 1-0

[Event "Bundesliga 2021-22"]
[Site "Deizisau GER"]
[Date "2022.05.14"]
[Round "7.2"]
[Board "4"]
[White "Naiditsch, Arkadij"]
[Black "Druska, Juraj"]
[Result "1/2-1/2"]
[WhiteTitle "GM"]
[BlackTitle "IM"]
[WhiteElo "2648"]
[BlackElo "2503"]
[WhiteTeam "OSG Baden-Baden"]
[BlackTeam "USV TU Dresden"]
[WhiteFideId "4650891"]
[BlackFideId "14915650"]
[EventDate "2022.03.05"]

1. e4 e6 2. d4 d5 3. e5 c5 4. c3 Nc6 5. Nf3 Qb6 6. Na3 cxd4 7. cxd4 Bb4+ 8. Bd2
a6 9. Nc2 Bxd2+ 10. Qxd2 Nge7 11. Bd3 Bd7 12. O-O O-O 13. b4 Kh8 14. a4 Nf5 15.
Rfe1 Rac8 16. Kh1 Nce7 17. g4 Nh6 18. Ng5 Ng6 19. Rg1 Qd8 20. f4 f6 21. exf6
Qxf6 22. Raf1 Bxa4 23. Ne1 Bb5 24. Bxb5 axb5 25. Qd3 Nf7 26. Nxf7+ Qxf7 27. f5
exf5 28. Rxf5 Qe7 29. Ng2 Qxb4 30. Rh5 Kg8 31. Ne3 Rc3 32. Qd2 Qb3 33. Nxd5 Rd3
34. Qe2 Qc4 35. Qe6+ Kh8 36. Qxg6 Qxd5+ 37. Rxd5 hxg6 38. Rxb5 Rxd4 39. Rxb7 Rf2
40. Rb3 1/2-1/2

[Event "Bundesliga 2021-22"]
[Site "Deizisau GER"]
[Date "2022.05.14"]
[Round "7.2"]
[Board "5"]
[White "Boensch, Uwe"]
[Black "Gustafsson, Jan"]
[Result "1/2-1/2"]
[WhiteTitle "GM"]
[BlackTitle "GM"]
[WhiteElo "2494"]
[BlackElo "2643"]
[WhiteTeam "USV TU Dresden"]
[BlackTeam "OSG Baden-Baden"]
[WhiteFideId "4611268"]
[BlackFideId "4625498"]
[EventDate "2022.03.05"]

1. d4 Nf6 2. c4 e6 3. Nc3 Bb4 4. e3 O-O 5. Bd3 c5 6. Ne2 cxd4 7. exd4 d5 8. cxd5
Nxd5 9. O-O Nc6 10. a3 Bd6 11. Nxd5 exd5 12. Bf4 Be7 13. Rc1 Bf6 14. Rc5 Be7 15.
Rc3 Bf6 16. Rc5 Be7 17. Rc3 Bf6 18. Rc5 Be7 19. Rc3 Bf6 20. Rc5 Be7 1/2-1/2

[Event "Bundesliga 2021-22"]
[Site "Deizisau GER"]
[Date "2022.05.14"]
[Round "7.2"]
[Board "6"]
[White "Bacrot, Etienne"]
[Black "Maiwald, Jens-Uwe"]
[Result "1/2-1/2"]
[WhiteTitle "GM"]
[BlackTitle "GM"]
[WhiteElo "2635"]
[BlackElo "2426"]
[WhiteTeam "OSG Baden-Baden"]
[BlackTeam "USV TU Dresden"]
[WhiteFideId "605506"]
[BlackFideId "4612396"]
[EventDate "2022.03.05"]

1. d4 Nf6 2. c4 g6 3. Nf3 Bg7 4. g3 O-O 5. Bg2 d6 6. Nc3 Nc6 7. d5 Na5 8. b3 c5
9. Bb2 a6 10. O-O Rb8 11. a4 Re8 12. Ra2 e6 13. dxe6 Bxe6 14. Ng5 Bf5 15. h3 h6
16. e4 Bc8 17. Nf3 Nc6 18. Nd2 Nb4 19. Ra3 Bd7 20. Qb1 Qe7 21. Re1 Qf8 22. Ra1
Kh7 23. Re3 Qh8 24. Qc1 Re7 25. Nf1 Rbe8 26. Qd2 Bc6 27. Rae1 Nd7 28. Kh2 Bd4
29. Rd1 Nf6 30. Qe2 Kg8 31. Rd2 h5 32. Kg1 h4 33. g4 Qh6 34. Nd5 Nfxd5 35. cxd5
Bxb2 36. Rxb2 Bd7 37. Rb1 b5 38. a5 1/2-1/2

[Event "Bundesliga 2021-22"]
[Site "Deizisau GER"]
[Date "2022.05.14"]
[Round "7.2"]
[Board "7"]
[White "Loxine, Jakov"]
[Black "Meier, Georg"]
[Result "0-1"]
[WhiteTitle "IM"]
[BlackTitle "GM"]
[WhiteElo "2390"]
[BlackElo "2631"]
[WhiteTeam "USV TU Dresden"]
[BlackTeam "OSG Baden-Baden"]
[WhiteFideId "4173031"]
[BlackFideId "4675789"]
[EventDate "2022.03.05"]

1. Nf3 d5 2. g3 Bf5 3. Bg2 e6 4. O-O Nf6 5. d3 Be7 6. c4 O-O 7. Qb3 Na6 8. Bg5
c6 9. Nbd2 Nc5 10. Qc2 Ncd7 11. h3 h6 12. Bf4 Re8 13. g4 Bh7 14. Qb3 Nc5 15. Qc3
a5 16. Rac1 Ncd7 17. Qb3 Nc5 18. Qc3 Bf8 19. Rfd1 Ncd7 20. d4 c5 21. e3 cxd4 22.
exd4 dxc4 23. Qxc4 Nd5 24. Bg3 Qb6 25. Qa4 N7f6 26. Qb3 Qxb3 27. axb3 Rec8 28.
Ne5 Bc2 29. Rf1 Bb4 30. Ndc4 Bxb3 31. Ne3 Bd2 32. Rxc8+ Rxc8 33. Nxd5 Nxd5 34.
Be4 b5 35. Nd7 Nf6 36. Nb6 Rd8 37. Bc6 b4 38. Be5 Nd5 39. Bxd5 exd5 40. Kg2 a4
41. Bc7 Re8 42. Bd6 Re6 43. Nc8 Bc2 44. Bc5 a3 45. bxa3 b3 46. Ne7+ Kh7 0-1

[Event "Bundesliga 2021-22"]
[Site "Deizisau GER"]
[Date "2022.05.14"]
[Round "7.2"]
[Board "8"]
[White "Movsesian, Sergei"]
[Black "Richter, Philipp"]
[Result "1-0"]
[WhiteTitle "GM"]
[WhiteElo "2609"]
[BlackElo "2225"]
[WhiteTeam "OSG Baden-Baden"]
[BlackTeam "USV TU Dresden"]
[WhiteFideId "310204"]
[BlackFideId "16219929"]
[EventDate "2022.03.05"]

1. e4 e6 2. d4 d5 3. e5 c5 4. c3 Nc6 5. Nf3 Bd7 6. a3 f6 7. Bd3 Qc7 8. O-O O-O-O
9. Re1 fxe5 10. dxe5 Nh6 11. c4 Ng4 12. Qe2 Be7 13. h3 Nh6 14. Nc3 Be8 15. Nb5
Qb8 16. b4 Rf8 17. Bg5 Bh5 18. Bxe7 Nxe7 19. Nd6+ Kd7 20. bxc5 Nc6 21. cxd5 Nd4
22. Bb5+ Kc7 23. Nxd4 Bxe2 1-0

[Event "Bundesliga 2021-22"]
[Site "Muelheim GER"]
[Date "2022.05.14"]
[Round "7.3"]
[Board "1"]
[White "Esipenko, Andrey"]
[Black "Moiseenko, Alexander"]
[Result "1-0"]
[WhiteTitle "GM"]
[BlackTitle "GM"]
[WhiteElo "2723"]
[BlackElo "2602"]
[WhiteTeam "SK Doppelbauer Turm Kiel"]
[BlackTeam "SV Muelheim Nord"]
[WhiteFideId "24175439"]
[BlackFideId "14102560"]
[EventDate "2022.03.05"]

1. e4 c5 2. Nf3 Nc6 3. Bb5 e6 4. Bxc6 bxc6 5. b3 d6 6. e5 f6 7. exd6 e5 8. d3
Bxd6 9. Nfd2 Ne7 10. Qh5+ Ng6 11. Bb2 O-O 12. g3 Be6 13. Na3 Bf7 14. Qe2 Re8 15.
Nac4 Be7 16. O-O-O Nf8 17. h4 Ne6 18. g4 Nd4 19. Qe3 Bf8 20. Rde1 Qc7 21. Rhg1
Bd5 22. Qh3 Rad8 23. Kb1 Kh8 24. Qg3 Qf7 25. g5 Nf5 26. Qh3 Nd4 27. Ne4 fxg5 28.
hxg5 Qg6 29. Rh1 Bxc4 30. dxc4 Bd6 31. Rh2 Ne6 32. Qg4 Bc7 33. Reh1 Nf8 34. Bc3
Bb6 35. Ng3 Kg8 36. Nh5 Re7 37. f4 exf4 38. Nxf4 Qe8 39. Rxh7 Nxh7 40. g6 Nf8
41. Qh5 Rd1+ 42. Rxd1 1-0

[Event "Bundesliga 2021-22"]
[Site "Muelheim GER"]
[Date "2022.05.14"]
[Round "7.3"]
[Board "2"]
[White "Fridman, Daniel"]
[Black "Niemann, Hans Moke"]
[Result "1/2-1/2"]
[WhiteTitle "GM"]
[BlackTitle "GM"]
[WhiteElo "2628"]
[BlackElo "2642"]
[WhiteTeam "SV Muelheim Nord"]
[BlackTeam "SK Doppelbauer Turm Kiel"]
[WhiteFideId "11600454"]
[BlackFideId "2093596"]
[EventDate "2022.03.05"]

1. d4 Nf6 2. c4 e6 3. Nf3 b6 4. g3 Ba6 5. Qa4 Bb7 6. Bg2 c5 7. dxc5 bxc5 8. Nc3
Be7 9. O-O O-O 10. Rd1 d6 11. Bf4 Qb6 12. Qb5 Rd8 13. Rd2 Nbd7 14. Rad1 Ne8 15.
b3 Qc7 16. Qa4 a6 17. Qa3 h6 18. Qc1 Ndf6 19. h3 g5 20. Be3 d5 21. cxd5 exd5 22.
Nxg5 hxg5 23. Nxd5 Nxd5 24. Bxd5 Bxd5 25. Rxd5 Rxd5 26. Rxd5 Rd8 27. Rxd8 Qxd8
28. Bxc5 Qc8 29. Ba3 Qxc1+ 30. Bxc1 Nc7 31. Bd2 Kg7 32. Kf1 Nd5 33. e4 Nb4 34.
Bc3+ Kg6 35. a3 Nc2 36. a4 f5 37. exf5+ Kxf5 38. Ke2 Ke4 39. f3+ Kd5 40. Kd3
Nb4+ 41. Ke3 Bc5+ 42. Ke2 Nc6 43. Kd3 Nb4+ 44. Ke2 Ke6 45. Bd2 Bd6 46. f4 gxf4
47. Bxf4 Bxf4 48. gxf4 Nd5 49. Kd3 Nxf4+ 50. Kc4 Kd6 51. Kb4 Nxh3 52. Ka5 Kc7 1/2-1/2

[Event "Bundesliga 2021-22"]
[Site "Muelheim GER"]
[Date "2022.05.14"]
[Round "7.3"]
[Board "3"]
[White "Khenkin, Igor"]
[Black "Novikov, Igor"]
[Result "1/2-1/2"]
[WhiteTitle "GM"]
[BlackTitle "GM"]
[WhiteElo "2509"]
[BlackElo "2551"]
[WhiteTeam "SK Doppelbauer Turm Kiel"]
[BlackTeam "SV Muelheim Nord"]
[WhiteFideId "4659600"]
[BlackFideId "14100037"]
[EventDate "2022.03.05"]

1. d4 d5 2. c4 e6 3. Nf3 Nf6 4. e3 c5 5. cxd5 exd5 6. Bb5+ Bd7 7. Bxd7+ Nbxd7 8.
dxc5 Nxc5 9. O-O Be7 10. b3 O-O 11. Nc3 a6 12. Bb2 Rc8 13. Ne2 Nce4 14. Nfd4 Qd7
15. f3 Nc5 16. Ng3 g6 17. Qd2 Rfd8 18. Rfd1 Bf8 19. Rac1 Bg7 20. Nde2 Ne6 21.
Rxc8 1/2-1/2